000 00261nam a2200109Ia 4500
008 190913s9999||||xx |||||||||||||| ||und||
100 _aLefrancois ,Guy
245 0 _aTheories of Human Learning
260 _aUSA
_b McGraw Hill
_c1999
300 _a538
942 _cBK
999 _c8167
_d8167